[Event "FB23 2324 SG Augsburg 1873 - SV 1920 Ho"]
[Site "?"]
[Date "2023.10.15"]
[Round "2.3"]
[White "Winterholler, Christina"]
[Black "Kosc, Renata"]
[Result "0-1"]
[WhiteElo "2056"]
[BlackElo "1956"]
[PlyCount "100"]
[EventDate "2023.??.??"]
[SourceVersion "1"]
[SourceVersionDate "2023.02.20"]
[SourceQuality "1"]

1. e4 c5 2. d4 cxd4 3. c3 dxc3 4. Nxc3 Nc6 5. Nf3 e6 6. Bc4 Be7 7. O-O d6 8. Qe2 a6 9. Rd1 Qc7 10. Bf4 Ne5 11. Bb3 Nf6 12. Rac1 Qa5 13. Nd4 Bd7 14. Bg3 Ng6 15. Nc2 e5 16. Ne3 Be6 17. Nf5 Bxb3 18. axb3 O-O 19. Nxe7+ Nxe7 20. Rxd6 Rfd8 21. Rxd8+ Rxd8 22. Rd1 Rxd1+ 23. Qxd1 h6 24. h3 Kh7 25. Bh4 Qb6 26. Nd5 Nexd5 27. exd5 g5 28. Bg3 Qd6 29. Qc2+ Kg7 30. Qf5 Qxd5 31. Bxe5 Qe6 32. Qxe6 fxe6 33. f3 Kf7 34. Bxf6 Kxf6 35. Kf2 h5 36. Ke3 Ke5 37. h4 gxh4 38. f4+ Kf5 39. Kf3 e5 40. fxe5 Kxe5 41. Ke3 Kf5 42. Kf3 a5 43. Ke3 Kg4 44. Kf2 Kf4 45. Kf1 Kg3 46. b4 axb4 47. Kg1 h3 48. b3 b6 49. Kh1 hxg2+ 50. Kg1 Kf3 0-1

[Event "FB23 2324 SG Augsburg 1873 - SV 1920 Ho"]
[Site "?"]
[Date "2023.10.15"]
[Round "2.4"]
[White "Kurapova, Olga"]
[Black "Barpiyeva, Gulsana"]
[Result "1-0"]
[WhiteElo "1943"]
[BlackElo "2028"]
[PlyCount "126"]
[EventDate "2023.??.??"]
[SourceVersion "1"]
[SourceVersionDate "2023.02.20"]
[SourceQuality "1"]

1. e4 c5 2. Nf3 e6 3. g3 d6 4. Bg2 g6 5. d4 Bg7 6. c3 Qc7 7. O-O Ne7 8. Bf4 e5 9. Be3 O-O 10. Qd2 f5 11. d5 Nd7 12. Na3 Nf6 13. Nxe5 Nxe4 14. Bxe4 Bxe5 15. Bg2 Bd7 16. Nc4 Bf6 17. Bf4 Nc8 18. Rfe1 Rb8 19. Bg5 b5 20. Bxf6 Rxf6 21. Qg5 Qd8 22. Nd2 Qf8 23. c4 bxc4 24. Nxc4 Bb5 25. b3 Bxc4 26. bxc4 Nb6 27. Re6 Rf7 28. Qf4 Rd8 29. Rae1 Nc8 30. h4 Re7 31. h5 Rg7 32. Qg5 Nb6 33. hxg6 hxg6 34. Re7 Nc8 35. R7e6 Nb6 36. Rf6 Nxc4 37. Rxf8+ Rxf8 38. Re6 Kh7 39. Re7 Rff7 40. Qh4+ Kg8 41. Re8+ Rf8 42. Rxf8+ Kxf8 43. Qd8+ Kf7 44. Bf1 Nd2 45. Qxd6 Nf3+ 46. Kh1 Rh7+ 47. Bh3 Rxh3+ 48. Kg2 Ng5 49. f4 Rxg3+ 50. Kh2 Rh3+ 51. Kg2 Rg3+ 52. Kf1 Ne4 53. Qe6+ Kg7 54. Qe7+ Kh6 55. d6 Re3 56. Qh4+ Kg7 57. d7 Nd2+ 58. Kf2 Ra3 59. d8=Q Ne4+ 60. Kg1 Rg3+ 61. Qxg3 Nxg3 62. Qe7+ Kh6 63. Qg5+ Kg7 1-0

[Event "FB23 2324 SG Augsburg 1873 - SV 1920 Ho"]
[Site "?"]
[Date "2023.10.15"]
[Round "2.5"]
[White "Buchholz, Maja Patricia"]
[Black "Specht, Maria"]
[Result "1-0"]
[WhiteElo "1874"]
[BlackElo "1843"]
[PlyCount "69"]
[EventDate "2023.??.??"]
[SourceVersion "1"]
[SourceVersionDate "2023.02.20"]
[SourceQuality "1"]

1. c4 e6 2. g3 d5 3. Bg2 c5 4. cxd5 exd5 5. d4 Nf6 6. Nf3 cxd4 7. O-O Be7 8. Nxd4 O-O 9. Nc3 Nc6 10. Be3 a6 11. Nxc6 bxc6 12. Na4 Bb7 13. Rc1 Nd7 14. Qb3 Qb8 15. Bf4 Qa7 16. Bxd5 Nc5 17. Nxc5 Bxc5 18. Bf3 Bb6 19. Bxc6 Bxc6 20. Rxc6 Bd4 21. e3 Bf6 22. Rc7 Qb8 23. Rb7 Qc8 24. Rd1 Rd8 25. Qxf7+ Kh8 26. Rxd8+ Qxd8 27. Bg5 Qd1+ 28. Kg2 Be5 29. Be7 Rg8 30. Qe6 Qh5 31. Qxa6 Qf5 32. Qc6 Qb1 33. a4 Bxb2 34. Ba3 Qf5 35. Bxb2 1-0

[Event "FB23 2324 SG Augsburg 1873 - SV 1920 Ho"]
[Site "?"]
[Date "2023.10.15"]
[Round "2.6"]
[White "Schaefer, Ann-Kathrin"]
[Black "Froehlich-Dill, Astrid"]
[Result "0-1"]
[WhiteElo "1671"]
[BlackElo "1789"]
[PlyCount "140"]
[EventDate "2023.??.??"]
[SourceVersion "1"]
[SourceVersionDate "2023.02.20"]
[SourceQuality "1"]

1. d4 Nf6 2. Nf3 e6 3. e3 b6 4. Bd3 Bb7 5. b3 c5 6. Bb2 Nc6 7. Nbd2 Nb4 8. Be2 d5 9. a3 Nc6 10. Bd3 Be7 11. O-O h6 12. dxc5 bxc5 13. Ne5 Nxe5 14. Bxe5 O-O 15. Qe2 Re8 16. Rfd1 Nd7 17. Bb2 Qc7 18. Qh5 Bf6 19. Bxf6 Nxf6 20. Qh4 e5 21. e4 d4 22. f3 a5 23. a4 Nd7 24. Nf1 Nf8 25. Ng3 Ng6 26. Qg4 Qe7 27. Bc4 Qf6 28. Nf5 Bc8 29. g3 Ne7 30. Nxe7+ Rxe7 31. Qh5 Kh7 32. Kf2 g6 33. Qh4 Qxh4 34. gxh4 Be6 35. Bxe6 Rxe6 36. Ke2 Rf6 37. Rg1 h5 38. Kf2 Rf4 39. Kg3 Rd8 40. Rad1 Rg8 41. Rdf1 f5 42. Re1 g5 43. hxg5 Rxg5+ 44. Kf2 Rxg1 45. Kxg1 Rxf3 46. exf5 Rxf5 47. Re4 Kg6 48. Kg2 Rg5+ 49. Kf3 Kf5 50. h3 Ke6 51. Kf2 Kd5 52. Rh4 c4 53. bxc4+ Kxc4 54. Re4 Kc3 55. Re2 Kb4 56. Re4 Kc3 57. Re2 h4 58. Kf1 d3 59. cxd3 Kxd3 60. Rb2 Rf5+ 61. Kg2 Rf4 62. Rb5 e4 63. Rxa5 e3 64. Rd5+ Ke2 65. a5 Rf2+ 66. Kg1 Rf1+ 67. Kg2 Ra1 68. Re5 Ra4 69. Rd5 Ra2 70. Kg1 Kf3 0-1

[Event "FB23 2324 FC Bayern München - TSV Schot"]
[Site "?"]
[Date "2023.10.15"]
[Round "2.1"]
[White "Krasnopeyeva, Julia"]
[Black "Gueci, Tea"]
[Result "0-1"]
[WhiteElo "1887"]
[BlackElo "2149"]
[PlyCount "118"]
[EventDate "2023.??.??"]
[SourceVersion "1"]
[SourceVersionDate "2023.02.20"]
[SourceQuality "1"]

1. e4 c5 2. Nf3 Nc6 3. d4 cxd4 4. Nxd4 Nf6 5. Nc3 e5 6. Ndb5 d6 7. Bg5 a6 8. Na3 b5 9. Nd5 Be7 10. Bxf6 Bxf6 11. c3 O-O 12. Nc2 Rb8 13. h4 g6 14. g3 Bg7 15. Bg2 Be6 16. Nce3 Qd7 17. Qd3 Ne7 18. Rd1 Rfd8 19. Nxe7+ Qxe7 20. Nd5 Qb7 21. Qe3 b4 22. c4 b3 23. axb3 Rdc8 24. O-O Bxd5 25. Rxd5 Qxb3 26. Qxb3 Rxb3 27. Rxd6 Bf8 28. Rxa6 Rxb2 29. Ra4 Bc5 30. Bh3 Rd8 31. Ra5 Bd4 32. Ra6 Kg7 33. Bg4 Bb6 34. c5 Bxc5 35. Rc6 Rc2 36. Kg2 Rdd2 37. Bd1 Rxf2+ 38. Rxf2 Rxf2+ 39. Kh3 Bd4 40. Rc2 Rf1 41. Bg4 f5 42. exf5 gxf5 43. Rc7+ Kf6 44. Bh5 e4 45. Rxh7 e3 46. Rf7+ Ke6 47. Rf8 Be5 48. Re8+ Kd5 49. Rd8+ Ke4 50. Ra8 Rf2 51. Ra4+ Bd4 52. Rc4 e2 53. Bxe2 Rxe2 54. h5 Kd5 55. Rc8 Bg1 56. Kh4 Be3 57. g4 f4 58. g5 Rh2+ 59. Kg4 Rg2+ 0-1

[Event "FB23 2324 FC Bayern München - TSV Schot"]
[Site "?"]
[Date "2023.10.15"]
[Round "2.2"]
[White "Khrapko, Marharyta"]
[Black "Mader, Lena"]
[Result "1-0"]
[WhiteElo "2170"]
[BlackElo "1841"]
[PlyCount "51"]
[EventDate "2023.??.??"]
[SourceVersion "1"]
[SourceVersionDate "2023.02.20"]
[SourceQuality "1"]

1. e4 c6 2. d3 d5 3. Nd2 dxe4 4. dxe4 e5 5. Ngf3 Qc7 6. Bc4 Be7 7. a4 Nf6 8. O-O O-O 9. Re1 Bg4 10. h3 Bh5 11. Nf1 Nbd7 12. Ng3 Bg6 13. Nh4 Rad8 14. Nxg6 hxg6 15. Qf3 Qa5 16. Be3 Qb4 17. Qe2 Nb6 18. Bb3 Qd6 19. a5 Nc8 20. h4 Qc7 21. h5 gxh5 22. Nxh5 Nxh5 23. Qxh5 Bb4 24. c3 Bxa5 25. Qg5 g6 26. Qf6 1-0

[Event "FB23 2324 FC Bayern München - TSV Schot"]
[Site "?"]
[Date "2023.10.15"]
[Round "2.3"]
[White "Katte, Isabel"]
[Black "Boric, Elena"]
[Result "0-1"]
[WhiteElo "1904"]
[BlackElo "2120"]
[PlyCount "36"]
[EventDate "2023.??.??"]
[SourceVersion "1"]
[SourceVersionDate "2023.02.20"]
[SourceQuality "1"]

1. e4 e6 2. d4 d5 3. exd5 exd5 4. Bd3 Nf6 5. Bf4 Bd6 6. Qe2+ Be6 7. Bxd6 Qxd6 8. Nf3 O-O 9. O-O Bg4 10. h3 Re8 11. Qd2 Bxf3 12. gxf3 Nh5 13. Re1 Rxe1+ 14. Qxe1 Nc6 15. Nc3 Nf4 16. Bf1 Nxd4 17. Qd1 c5 18. Ne2 Nxf3+ 0-1

[Event "FB23 2324 FC Bayern München - TSV Schot"]
[Site "?"]
[Date "2023.10.15"]
[Round "2.4"]
[White "Schloffer, Jasmin-Denise"]
[Black "Zemke, Christine"]
[Result "1-0"]
[WhiteElo "2141"]
[BlackElo "1705"]
[PlyCount "43"]
[EventDate "2023.??.??"]
[SourceVersion "1"]
[SourceVersionDate "2023.02.20"]
[SourceQuality "1"]

1. d4 d5 2. c4 Nf6 3. cxd5 Qxd5 4. Nc3 Qa5 5. Bd2 c6 6. Nf3 Qc7 7. e4 e6 8. Bd3 Nbd7 9. Rc1 a6 10. O-O h6 11. d5 Ne5 12. Bf4 Nxf3+ 13. Qxf3 e5 14. Bd2 c5 15. Na4 b6 16. b4 Bd7 17. Nb2 Bb5 18. bxc5 bxc5 19. a4 Bxd3 20. Qxd3 Nd7 21. Nc4 Bd6 22. Ba5 1-0

[Event "FB23 2324 SV Stuttgart-Wolfbusch - SC NT"]
[Site "?"]
[Date "2023.10.15"]
[Round "2.1"]
[White "Hrebenshchykova, Yelyzaveta"]
[Black "Leser, Katrin"]
[Result "1/2-1/2"]
[WhiteElo "2299"]
[BlackElo "1999"]
[PlyCount "72"]
[EventDate "2023.??.??"]
[SourceVersion "1"]
[SourceVersionDate "2023.02.20"]
[SourceQuality "1"]

1. e4 e6 2. d4 d5 3. Nc3 Nf6 4. Bg5 dxe4 5. Nxe4 Be7 6. Bxf6 gxf6 7. Nf3 f5 8. Nc3 a6 9. Qe2 b5 10. a3 Qd6 11. g3 Nd7 12. Bg2 Bb7 13. O-O O-O 14. Rad1 Nf6 15. d5 Nxd5 16. Nxd5 Bxd5 17. Nd4 Bc4 18. Qh5 Qc5 19. Bxa8 Bxf1 20. Bf3 Bc4 21. b3 Rd8 22. Nxf5 Rxd1+ 23. Bxd1 Qxf5 24. Qxf5 exf5 25. bxc4 Bxa3 26. cxb5 axb5 27. Be2 b4 28. Bd3 f4 29. gxf4 Bc1 30. f5 Kg7 31. Kg2 Kf6 32. Bc4 Kxf5 33. Bxf7 Kf4 34. Bg8 h6 35. h3 Bb2 36. Bf7 Bf6 1/2-1/2

[Event "FB23 2324 SV Stuttgart-Wolfbusch - SC NT"]
[Site "?"]
[Date "2023.10.15"]
[Round "2.2"]
[White "Froehlich, Franziska"]
[Black "Birkholz, Olga"]
[Result "0-1"]
[WhiteElo "1895"]
[BlackElo "1991"]
[PlyCount "76"]
[EventDate "2023.??.??"]
[SourceVersion "1"]
[SourceVersionDate "2023.02.20"]
[SourceQuality "1"]

1. e4 g6 2. d4 Bg7 3. f4 c5 4. c3 Qc7 5. Nf3 d6 6. Be3 Nf6 7. Nbd2 O-O 8. Bd3 Ng4 9. Bg1 cxd4 10. cxd4 Bh6 11. Rc1 Qa5 12. h3 Nf6 13. Be3 Nh5 14. Ng5 Ng3 15. Rg1 Bxg5 16. fxg5 Nc6 17. Qf3 Nh5 18. Rf1 Be6 19. a3 Rac8 20. g4 Ne5 21. dxe5 Rxc1+ 22. Ke2 Rxf1 23. Nxf1 Qxe5 24. gxh5 Qxb2+ 25. Nd2 b5 26. Bxa7 Ra8 27. Qe3 Qxa3 28. Bd4 Qb4 29. hxg6 hxg6 30. Nb1 Bxh3 31. Bc3 Bg4+ 32. Kf2 Qa4 33. Qg3 b4 34. Qxg4 bxc3 35. Nxc3 Qd4+ 36. Ke2 Qxc3 37. Qd7 Ra2+ 38. Ke3 Qc5+ 0-1

[Event "FB23 2324 SV Stuttgart-Wolfbusch - SC NT"]
[Site "?"]
[Date "2023.10.15"]
[Round "2.3"]
[White "Albayrak, Nese Pinar"]
[Black "Kobald, Jacqueline"]
[Result "0-1"]
[WhiteElo "1904"]
[BlackElo "1958"]
[PlyCount "62"]
[EventDate "2023.??.??"]
[SourceVersion "1"]
[SourceVersionDate "2023.02.20"]
[SourceQuality "1"]

1. e4 c5 2. Nf3 e6 3. d4 cxd4 4. Nxd4 a6 5. Nc3 Qc7 6. Be2 b5 7. a3 Bb7 8. Be3 Nf6 9. Qd3 d6 10. f4 Nbd7 11. Nb3 Be7 12. O-O-O O-O 13. g4 Nc5 14. Nxc5 dxc5 15. Bf3 Rfd8 16. Qe2 b4 17. axb4 cxb4 18. Rxd8+ Rxd8 19. Na4 b3 20. Nc3 Bb4 21. Bd2 bxc2 22. Rf1 Bc6 23. e5 Bxc3 24. Bxc3 Bb5 25. Qe1 Nd5 26. Ba5 Qc8 27. Bxd8 Bxf1 28. Qxf1 Qxd8 29. Qxa6 Nxf4 30. Qd6 Qc8 31. Kd2 c1=Q# 0-1

[Event "FB23 2324 SV Stuttgart-Wolfbusch - SC NT"]
[Site "?"]
[Date "2023.10.15"]
[Round "2.4"]
[White "Erben, Larissa"]
[Black "Albayrak, Berrak"]
[Result "1/2-1/2"]
[WhiteElo "1967"]
[BlackElo "1674"]
[PlyCount "73"]
[EventDate "2023.??.??"]
[SourceVersion "1"]
[SourceVersionDate "2023.02.20"]
[SourceQuality "1"]

1. e4 d6 2. d4 g6 3. Nc3 Bg7 4. Bc4 Nd7 5. Nf3 e6 6. O-O Ne7 7. Ng5 Nb6 8. Bb3 O-O 9. a4 a5 10. Be3 d5 11. e5 Nf5 12. Bf4 c5 13. Nb5 cxd4 14. Nxd4 Ne7 15. Qd3 h6 16. Ngf3 Nc6 17. c3 Nd7 18. Rfe1 Nc5 19. Qe3 Qb6 20. Bc2 Kh7 21. h4 h5 22. Ng5+ Kh8 23. Nb5 Nd7 24. Nf3 Qxe3 25. Rxe3 Nb6 26. b3 d4 27. Nfxd4 Nd5 28. Rf3 Nxf4 29. Rxf4 Nxe5 30. Rd1 Bd7 31. Nd6 Bc6 32. Nxc6 bxc6 33. Nc4 Rfd8 34. Rfd4 Rxd4 35. cxd4 Nxc4 36. bxc4 Rd8 37. Kf1 1/2-1/2

[Event "FB23 2324 SV Stuttgart-Wolfbusch - SC NT"]
[Site "?"]
[Date "2023.10.15"]
[Round "2.5"]
[White "Braeuer, Vanessa"]
[Black "Lederer, Leia"]
[Result "0-1"]
[WhiteElo "1860"]
[BlackElo "1800"]
[PlyCount "64"]
[EventDate "2023.??.??"]
[SourceVersion "1"]
[SourceVersionDate "2023.02.20"]
[SourceQuality "1"]

1. e4 e5 2. Nf3 Nc6 3. d4 exd4 4. c3 dxc3 5. Bc4 Be7 6. Qd5 Nh6 7. Bxh6 O-O 8. Nxc3 Nb4 9. Qd2 gxh6 10. a3 Nc6 11. Qxh6 Bf6 12. O-O d6 13. Rad1 Bg4 14. Rd5 Bxf3 15. Rf5 Bxc3 16. Rxf3 Qe7 17. Rxc3 Kh8 18. Rh3 f5 19. exf5 Rxf5 20. Bd3 Rf7 21. Qd2 Raf8 22. Qc3+ Qe5 23. Qb3 b6 24. Re3 Qc5 25. Bc4 Rf4 26. Qc3+ Ne5 27. b3 b5 28. g3 Rf3 29. Rfe1 bxc4 30. b4 Qd5 31. Qb2 Rxf2 32. Rxe5 Qg2# 0-1

[Event "FB23 2324 SV Stuttgart-Wolfbusch - SC NT"]
[Site "?"]
[Date "2023.10.15"]
[Round "2.6"]
[White "Haecker, Gabriele"]
[Black "Loebel, Petra"]
[Result "0-1"]
[WhiteElo "1968"]
[BlackElo "1851"]
[PlyCount "120"]
[EventDate "2023.??.??"]
[SourceVersion "1"]
[SourceVersionDate "2023.02.20"]
[SourceQuality "1"]

1. e4 e6 2. d4 d5 3. Nc3 Bb4 4. e5 Qd7 5. Bd2 b6 6. Nf3 Ba6 7. Ne2 Bf8 8. h4 h5 9. c3 c5 10. g3 Ne7 11. Bh3 Bxe2 12. Qxe2 Nbc6 13. O-O Na5 14. b3 c4 15. b4 Nb7 16. a4 Nc6 17. Ng5 Be7 18. f4 Bxg5 19. fxg5 g6 20. Rf3 Ne7 21. Qf2 Nf5 22. Bxf5 gxf5 23. Kh2 Nd8 24. Qf1 Nc6 25. Qb1 O-O-O 26. Bc1 Kb7 27. Be3 Rc8 28. Rf2 Qe7 29. Bc1 Qd7 30. Be3 Qe8 31. Re2 Qg8 32. Bf4 Qf8 33. Bc1 Qe8 34. Ba3 Qd7 35. b5 Na5 36. Bb4 Nb3 37. Raa2 Ra8 38. a5 Qxb5 39. a6+ Kc7 40. Bd6+ Kd7 41. Reb2 Rac8 42. Qd1 Qc6 43. Ra3 Qa8 44. Qb1 Rc6 45. Bb4 Qc8 46. Rba2 Qg8 47. Qd1 Qg6 48. Qf3 Nc1 49. Ra1 Nd3 50. Bd6 Rhc8 51. Rb1 Qh7 52. Bb4 Ke8 53. Ra2 f4 54. gxf4 Nxe5 55. Qf1 Ng4+ 56. Kh3 Qf5 57. Kg3 Ne3 58. Qe1 Qg4+ 59. Kf2 Qxf4+ 60. Ke2 Nf5 0-1

[Event "FB23 2324 SK 1980 Gernsheim - SC Bavaria"]
[Site "?"]
[Date "2023.10.15"]
[Round "2.1"]
[White "Arnhold, Steffi"]
[Black "Groeschel, Karoline"]
[Result "1/2-1/2"]
[WhiteElo "2142"]
[BlackElo "1990"]
[PlyCount "153"]
[EventDate "2023.??.??"]
[SourceVersion "1"]
[SourceVersionDate "2023.02.20"]
[SourceQuality "1"]

1. e4 c5 2. Nf3 e6 3. d4 cxd4 4. Nxd4 a6 5. Bd3 Bc5 6. Be3 d6 7. c3 Nf6 8. h3 Qc7 9. O-O O-O 10. Nd2 Nbd7 11. b4 Ba7 12. c4 d5 13. exd5 exd5 14. Rc1 Ne5 15. cxd5 Qd6 16. Ne4 Nxe4 17. Bxe4 f5 18. Rxc8 fxe4 19. Rxa8 Rxa8 20. Nf5 Qf6 21. Bxa7 Qxf5 22. Bc5 Rd8 23. d6 Nd3 24. Qb3+ Kh8 25. Qc4 Qg6 26. Be3 Qxd6 27. Qxe4 Qxb4 28. Qf5 Qf8 29. Qg5 h6 30. Qh4 Rd7 31. Rd1 Qd8 32. Qe4 b5 33. Bb6 Qxb6 34. Qe8+ Kh7 35. Qxd7 Qxf2+ 36. Kh1 Ne5 37. Qd5 Qe2 38. Rd4 Qf1+ 39. Kh2 Ng6 40. Qe4 Qf7 41. Rd6 a5 42. a3 b4 43. axb4 axb4 44. Qxb4 Qe7 45. Qd4 Qe5+ 46. Qxe5 Nxe5 47. Kg3 Nf7 48. Ra6 g6 49. Kf4 Kg7 50. Ke4 Kh7 51. Kd5 Kg7 52. Ke6 Ng5+ 53. Ke7 Ne4 54. Ra7 g5 55. Ke6+ Kg6 56. Ke5 Ng3 57. Ra3 Ne2 58. Ra6+ Kg7 59. g4 Ng3 60. Ra3 Ne2 61. Re3 Nf4 62. Kf5 Ng6 63. Ra3 Nh4+ 64. Ke4 Kg6 65. Ke5 Kg7 66. Ke6 Ng2 67. Ra6 Nh4 68. Ke7 Ng2 69. Ke8 Nf4 70. Ra3 Kg8 71. Rf3 Kg7 72. Ke7 Ng6+ 73. Ke6 Nf4+ 74. Kf5 Ng6 75. Ra3 Nh4+ 76. Ke5 Kg6 77. Ke6 1/2-1/2

[Event "FB23 2324 SK 1980 Gernsheim - SC Bavaria"]
[Site "?"]
[Date "2023.10.15"]
[Round "2.2"]
[White "Ries, Jutta"]
[Black "Bardorz, Jana"]
[Result "0-1"]
[WhiteElo "2019"]
[BlackElo "2073"]
[PlyCount "76"]
[EventDate "2023.??.??"]
[SourceVersion "1"]
[SourceVersionDate "2023.02.20"]
[SourceQuality "1"]

1. f4 d5 2. Nf3 Bg4 3. e3 e6 4. Be2 c5 5. b3 Be7 6. Bb2 Bf6 7. Ne5 Bxe2 8. Qxe2 Nd7 9. O-O Bxe5 10. fxe5 Ne7 11. d4 Rc8 12. Na3 cxd4 13. exd4 Nf5 14. Nb5 a6 15. Rxf5 axb5 16. Rf2 b4 17. Raf1 O-O 18. Bc1 Qe7 19. Qb5 Nb8 20. Bd2 Nc6 21. Qd3 Rce8 22. Rf6 Qc7 23. R6f4 Qe7 24. Qg3 Kh8 25. Rh4 f5 26. Bg5 Qf7 27. Qh3 Qg6 28. Bd2 Kg8 29. Qd3 f4 30. Qxg6 hxg6 31. Rhxf4 Rxf4 32. Rxf4 Ra8 33. a4 bxa3 34. Bc3 b5 35. Rf3 b4 36. Ba1 Na5 37. Kf1 Rc8 38. Rf2 Nxb3 0-1

[Event "FB23 2324 SK 1980 Gernsheim - SC Bavaria"]
[Site "?"]
[Date "2023.10.15"]
[Round "2.3"]
[White "Leuchsenring, Christina"]
[Black "Blaschke, Franziska"]
[Result "1/2-1/2"]
[WhiteElo "1890"]
[BlackElo "1849"]
[PlyCount "65"]
[EventDate "2023.??.??"]
[SourceVersion "1"]
[SourceVersionDate "2023.02.20"]
[SourceQuality "1"]

1. e4 e5 2. Nf3 Nc6 3. d4 exd4 4. Nxd4 Bc5 5. Be3 Qf6 6. c3 Nge7 7. Bc4 Ne5 8. Be2 Qg6 9. O-O d6 10. Nd2 Bh3 11. Bf3 O-O 12. Kh1 Nxf3 13. Qxf3 Bd7 14. b4 Bb6 15. Rfe1 c6 16. Nc4 Bc7 17. Bf4 b5 18. Nd2 Bb6 19. N2b3 c5 20. Ne2 Bc6 21. Ng3 Rad8 22. Rad1 a6 23. Be3 f5 24. bxc5 fxe4 25. Qh5 Qxh5 26. Nxh5 Bc7 27. Nf4 dxc5 28. Rxd8 Rxd8 29. Ne6 Rc8 30. Nbxc5 a5 31. Nxc7 Rxc7 32. h3 Bd5 33. a3 1/2-1/2

[Event "FB23 2324 SK 1980 Gernsheim - SC Bavaria"]
[Site "?"]
[Date "2023.10.15"]
[Round "2.4"]
[White "Mueller, Manon"]
[Black "Oberhofer, Marie"]
[Result "1/2-1/2"]
[WhiteElo "1761"]
[BlackElo "1741"]
[PlyCount "45"]
[EventDate "2023.??.??"]
[SourceVersion "1"]
[SourceVersionDate "2023.02.20"]
[SourceQuality "1"]

1. d4 Nf6 2. Bg5 d5 3. Bxf6 gxf6 4. g3 Nc6 5. Bg2 Bf5 6. a3 Qd7 7. e3 O-O-O 8. Ne2 e5 9. Nbc3 Be6 10. b4 h5 11. h4 Kb8 12. Nc1 exd4 13. exd4 Re8 14. O-O f5 15. N3e2 Bd6 16. Nd3 f4 17. Nexf4 Nxd4 18. Nc5 Bxc5 19. bxc5 Qa4 20. c3 Qxd1 21. Rfxd1 Nb3 22. Rab1 Nxc5 23. Bxd5 1/2-1/2

[Event "FB23 2324 SK 1980 Gernsheim - SC Bavaria"]
[Site "?"]
[Date "2023.10.15"]
[Round "2.5"]
[White "Prinzen, Siri Marleen"]
[Black "Mao, Yvonne"]
[Result "1-0"]
[WhiteElo "1689"]
[BlackElo "1796"]
[PlyCount "117"]
[EventDate "2023.??.??"]
[SourceVersion "1"]
[SourceVersionDate "2023.02.20"]
[SourceQuality "1"]

1. d4 Nf6 2. Bf4 d5 3. e3 e6 4. Nd2 Bd6 5. Bg3 c5 6. c3 Nc6 7. Ngf3 O-O 8. Bd3 cxd4 9. exd4 e5 10. dxe5 Re8 11. O-O Nxe5 12. Nxe5 Bxe5 13. Bxe5 Rxe5 14. Qc2 Rh5 15. Nf3 Bg4 16. Be2 Qd7 17. Nd4 Re8 18. f3 Bh3 19. Bb5 Qc7 20. gxh3 Ree5 21. f4 Re3 22. Rf3 Rxh3 23. Rxe3 Rxe3 24. Rf1 Ng4 25. Be2 Nf6 26. Qd2 Rh3 27. Rf3 Rh6 28. Bd3 Qd7 29. Bf5 Qd6 30. Rh3 Ne4 31. Rxh6 Qxh6 32. Qe3 Qh5 33. Qf3 Qh4 34. Ne2 Qe1+ 35. Qf1 Qd2 36. Bxe4 Qe3+ 37. Qf2 Qxe4 38. Qxa7 g6 39. Qf2 Qb1+ 40. Kg2 Qxb2 41. Kf3 Qc2 42. Qe3 Qa4 43. Qe5 Qc6 44. f5 gxf5 45. Qxf5 d4+ 46. Kf2 dxc3 47. Qg5+ Kf8 48. Qd8+ Kg7 49. Qd4+ Kh6 50. Qe3+ Kg7 51. Qxc3+ Qxc3 52. Nxc3 Kg6 53. Ne4 b6 54. Nd6 f5 55. a4 Kf6 56. Nc4 Ke6 57. Nxb6 Kd6 58. Nc4+ Kc5 59. a5 1-0

[Event "FB23 2324 SK 1980 Gernsheim - SC Bavaria"]
[Site "?"]
[Date "2023.10.15"]
[Round "2.6"]
[White "Lerch, Cornelia"]
[Black "Bauer, Laura Sophie"]
[Result "0-1"]
[WhiteElo "1811"]
[BlackElo "1704"]
[PlyCount "74"]
[EventDate "2023.??.??"]
[SourceVersion "1"]
[SourceVersionDate "2023.02.20"]
[SourceQuality "1"]

1. e4 c5 2. c3 Nf6 3. e5 Nd5 4. Nf3 e6 5. Be2 d6 6. exd6 Bxd6 7. O-O O-O 8. d4 Nc6 9. Nbd2 cxd4 10. cxd4 Nb6 11. b3 Nd5 12. Bb2 Bd7 13. Rc1 Rc8 14. Nc4 Be7 15. Bd3 a6 16. Bb1 b5 17. Nce5 Nxe5 18. Nxe5 Bf6 19. Qd3 g6 20. Qg3 Qe7 21. Ng4 Bg7 22. Ne5 Bf6 23. Ng4 Bg7 24. Ne3 Bc6 25. Nxd5 Bxd5 26. Qe3 Qb7 27. f3 Qb6 28. Be4 Bxe4 29. fxe4 Rxc1 30. Rxc1 e5 31. Re1 exd4 32. Qd3 Be5 33. h3 Rd8 34. Kf1 Qf6+ 35. Kg1 Qf4 36. Rd1 Rd6 37. Qf3 Qh2+ 0-1

[Event "FB23 2324 SK 1980 Gernsheim - SV Stuttga"]
[Site "?"]
[Date "2023.12.10"]
[Round "3.1"]
[White "Froehlich, Franziska"]
[Black "Groeschel, Karoline"]
[Result "1/2-1/2"]
[WhiteElo "1892"]
[BlackElo "1878"]
[PlyCount "101"]
[EventDate "2023.??.??"]
[SourceVersion "1"]
[SourceVersionDate "2023.02.20"]
[SourceQuality "1"]

1. e4 c5 2. c3 Nf6 3. e5 Nd5 4. Nf3 d6 5. Bc4 Nb6 6. Bb3 c4 7. Bc2 dxe5 8. Nxe5 Qd5 9. Qe2 f6 10. Qh5+ g6 11. Bxg6+ hxg6 12. Qxg6+ Kd8 13. Nf7+ Kc7 14. Nxh8 Qe5+ 15. Kf1 Qd5 16. d4 Bf5 17. Qg3+ e5 18. Ng6 Bd3+ 19. Kg1 Qe4 20. Be3 Bxb1 21. Nxf8 Qc2 22. h4 Qxb2 23. Rxb1 Qxb1+ 24. Kh2 Qf5 25. Qg8 N8d7 26. Ne6+ Kd6 27. Nd8 Ke7 28. g4 Qf3 29. d5 Nxd5 30. Nc6+ bxc6 31. Qxa8 Nxe3 32. fxe3 Qf2+ 33. Kh3 Qf3+ 34. Kh2 Qf2+ 35. Kh3 Qxe3+ 36. Kh2 Qf2+ 37. Kh3 Qf3+ 38. Kh2 Qf2+ 39. Kh3 Qf3+ 40. Kh2 Qf4+ 41. Kh3 Qe3+ 42. Kh2 Qd2+ 43. Kg1 Qd1+ 44. Kh2 Qd2+ 45. Kg1 Qe1+ 46. Kg2 Qe4+ 47. Kh2 Qe2+ 48. Kh3 Qd3+ 49. Kh2 Qe2+ 50. Kh3 Qf3+ 51. Kh2 1/2-1/2

[Event "FB23 2324 SK 1980 Gernsheim - SV Stuttga"]
[Site "?"]
[Date "2023.12.10"]
[Round "3.3"]
[White "Kobald, Jacqueline"]
[Black "Lukas, Anne"]
[Result "0-1"]
[WhiteElo "1965"]
[BlackElo "2022"]
[PlyCount "134"]
[EventDate "2023.??.??"]
[SourceVersion "1"]
[SourceVersionDate "2023.02.20"]
[SourceQuality "1"]

1. e4 c5 2. Nf3 g6 3. d4 cxd4 4. Nxd4 Bg7 5. Nc3 Nc6 6. Be3 Nf6 7. Bc4 O-O 8. O-O d6 9. h3 Bd7 10. Re1 Na5 11. Bd3 Rc8 12. Qe2 Rxc3 13. bxc3 Qc7 14. Bd2 Rc8 15. Rab1 a6 16. Rb4 e5 17. Nf3 Be6 18. a3 Nc4 19. Bxc4 Bxc4 20. Qe3 a5 21. Rb2 Nd7 22. Reb1 Nc5 23. Nh2 b5 24. Re1 f5 25. exf5 gxf5 26. Qg5 Rf8 27. f3 Rf6 28. Nf1 Ne6 29. Qh4 f4 30. Reb1 Qc5+ 31. Kh2 Qxa3 32. Bc1 Bxf1 33. Rxb5 Qxc3 34. Rb8+ Nf8 35. Bb2 Qxc2 36. Rxf1 Qc7 37. Ra8 Qb7 38. Bxe5 dxe5 39. Rxa5 Rg6 40. Qf2 Qe7 41. Ra7 Qg5 42. Qa2+ Kh8 43. Ra8 Qe7 44. Rb1 Qe6 45. Qa3 Rf6 46. Rbb8 Kg8 47. Re8 Qf5 48. Ra7 Re6 49. Qb3 Kh8 50. Qb7 Qg6 51. Rc8 Rb6 52. Qe4 Qxe4 53. fxe4 Rg6 54. Re8 Kg8 55. Ree7 Bf6 56. Re8 Rg7 57. Raa8 Rf7 58. Kg1 Kg7 59. Kf2 Ng6 60. Rg8+ Kh6 61. Rge8 Bh4+ 62. Kf3 Be1 63. Ra6 Kg7 64. Kg4 Bc3 65. Ra3 Bd4 66. g3 f3 67. Rxf3 h5+ 0-1

[Event "FB23 2324 SK 1980 Gernsheim - SV Stuttga"]
[Site "?"]
[Date "2023.12.10"]
[Round "3.4"]
[White "Morio, Estelle"]
[Black "Ley, Sabrina"]
[Result "0-1"]
[WhiteElo "1764"]
[BlackElo "1838"]
[PlyCount "86"]
[EventDate "2023.??.??"]
[SourceVersion "1"]
[SourceVersionDate "2023.02.20"]
[SourceQuality "1"]

1. f4 d5 2. Nf3 g6 3. e3 Bg7 4. Be2 c5 5. O-O Nf6 6. Ne5 Nbd7 7. d3 Qc7 8. Nxd7 Bxd7 9. Nd2 Bc6 10. Nf3 Nd7 11. d4 b6 12. c3 O-O 13. Qe1 Nf6 14. Ne5 Bb7 15. Bd2 Ne4 16. Rd1 Rac8 17. Nf3 Qc6 18. Bc1 Qa4 19. a3 h6 20. Ne5 Kh7 21. Qh4 Qe8 22. Ng4 Nf6 23. Ne5 Ne4 24. Ng4 Nf6 25. Ne5 e6 26. Rf3 Ne4 27. Ng4 Qd8 28. Qh3 Qe7 29. Ne5 a6 30. Qg4 Rc7 31. Rh3 Nf6 32. Qg3 Ne4 33. Qg4 Nf6 34. Qg3 Ne4 35. Qg4 b5 36. Bd3 b4 37. dxc5 bxc3 38. Bxe4 dxe4 39. bxc3 Rd8 40. Bb2 Rxd1+ 41. Qxd1 Bxe5 42. fxe5 Rd7 43. Qe2 Qd8 0-1